Interdisciplinariedad de las Ciencias Sociales y Jurídicas: ¿Impostura intelectual o aspiración científica? /
El presente artículo es un análisis sobre la cooperación o la llamada interdisciplinariedad entre las disciplinas de Ciencias Sociales (sociología, economía, ciencia política y psicología) y Ciencias Jurídicas. En este se plantean las distinciones entre ambas ramas y las diferencias lógicas y episte...
Kaydedildi:
| Yazar: | |
|---|---|
| Materyal Türü: | Metin |
| Konular: | |
| Etiketler: |
Etiketle
Etiket eklenmemiş, İlk siz ekleyin!
|
MARC
| LEADER | 00000 a a2200000 04500 | ||
|---|---|---|---|
| 001 | 14558 | ||
| 003 | |||
| 040 | |||
| 100 | |a Salas, Minor E. | ||
| 245 | |a Interdisciplinariedad de las Ciencias Sociales y Jurídicas: |b ¿Impostura intelectual o aspiración científica? / |c Minor E. Salas | ||
| 520 | |a El presente artículo es un análisis sobre la cooperación o la llamada interdisciplinariedad entre las disciplinas de Ciencias Sociales (sociología, economía, ciencia política y psicología) y Ciencias Jurídicas. En este se plantean las distinciones entre ambas ramas y las diferencias lógicas y epistemológicas, basándose en tres obstáculos que enfrenta la vinculación entre éstas ciencias: el problema de la inconmesurabilidad entre paradigmas, el problema del principio de relatividad lingüística y el problema de los sistemas cerrados o autopoiéticos. | ||
| 590 | |a SJB/MAYO2011 | ||
| 650 | |a 1.CIENCIAS SOCIALES | ||
| 650 | |a 2.DERECHO | ||
| 650 | |a 3.INTERDISCIPLINARIEDAD | ||
| 650 | |a 4.ANALISIS DE CONTENIDO | ||
| 773 | |g número 113 -114 (III -IV; páginas 55-69 | ||
| 999 | |c 37298 |d 37298 | ||
| 773 | 0 | |0 18728 |9 3029 |a Universidad de Costa Rica |d San José, Costa Rica Editorial UCR 1956- |o 05883 |t Revista de Ciencias Sociales/ |x 04825276 | |
